000 01077na a2200313 4500
999 _c9844
_d9844
001 23666
003 MIRAKIL
005 20200617133135.0
008 171124b tu 000 0
035 _a17884
040 _aMilas
_btur
_cTR-AnCHP
041 _atur
082 _aCHP 324.23720334
_bC36e 2017
090 _aBROŞÜR 512
110 _aCumhuriyet Halk Partisi (CHP)
245 _aEsnaf kazanacak Türkiye kazanacak
_cCumhuriyet Halk Partisi
260 _aAnkara
_bCHP
_c2017
300 _a3 s.
_brnkl. fotg.
_c21 sm.
490 _aCumhuriyet Halk Partisi yayınları
600 _aKılıçdaroğlu, Kemal
_cCHP Genel Başkanı
610 _aCumhuriyet Halk Partisi
_xEsnaf sorunları
_y2012-2016
610 _aCumhuriyet Halk Partisi
_xToplumsal sorunlar
_yÇözüm önerileri
650 _aEsnaf ve sanatkarlar
_xSosyo ekonomik durum
_zTürkiye
830 _aCHP yayınları
942 _2ddc
_cBKS
999 _d9844